| Tag |
First Indicator |
Second Indicator |
Subfields |
| LEADER |
00000cam a2200000 a 4500 |
| 001 |
in00000035255 |
| 005 |
20151007055338.0 |
| 008 |
870529m19869999flu b s00010 eng d |
| 035 |
|
|
|a (OCoLC)15746983
|
| 035 |
|
|
|9 AAB7962AM
|
| 040 |
|
|
|a DZM
|c DZM
|d m/c
|d VPI
|d AAA
|d TXA
|d UtOrBLW
|
| 049 |
|
|
|a TXAM
|v 1 [A11493116]
|v 2 [A11493124]
|v 3 [A11493132]
|
| 050 |
|
4 |
|a SB608.L4
|b E28 1986
|
| 100 |
1 |
|
|a Edwardson, J. R.
|q (John Richard),
|d 1923-
|
| 245 |
1 |
0 |
|a Viruses infecting forage legumes /
|c J.R. Edwardson and R.G. Christie.
|
| 264 |
|
1 |
|a Gainesville :
|b Institute of Food and Agricultural Sciences, Univ. of Florida,
|c 1986-
|
| 300 |
|
|
|a volumes ;
|c 28 cm.
|
| 336 |
|
|
|a text
|b txt
|2 rdacontent
|
| 337 |
|
|
|a unmediated
|b n
|2 rdamedia
|
| 338 |
|
|
|a volume
|b nc
|2 rdacarrier
|
| 490 |
1 |
|
|a Monograph / Agricultural Experiment Stations, Institute of Food and Agricultural Sciences, University of Florida ;
|v no. 14
|
| 500 |
|
|
|a Cover title.
|
| 504 |
|
|
|a Includes bibliographical references.
|
| 500 |
|
|
|a "October 1986," volume 1; "December 1986," volumes 2-3.
|
| 650 |
|
0 |
|a Legumes
|x Diseases and pests.
|
| 650 |
|
0 |
|a Forage plants
|z United States.
|
| 650 |
|
0 |
|a Virus diseases of plants.
|
| 700 |
1 |
|
|a Christie, R. G.
|
| 830 |
|
0 |
|a Monograph (University of Florida. Institute of Food and Agricultural Sciences) ;
|v no. 14.
|
| 999 |
|
|
|a MARS
|
| 999 |
f |
f |
|s 0969bb9b-bc31-305b-aa94-8f5e9017f9ea
|i 198bbc56-9ca4-30fc-8d12-0076bcc0c170
|t 0
|
| 952 |
f |
f |
|p ric
|a Texas A&M University
|b Rellis Campus
|c Joint Library Facility
|d Remote Storage
|t 0
|e SB608.L4 E28 1986
|h Library of Congress classification
|i unmediated -- volume
|k v.3
|m A14811493132
|
| 952 |
f |
f |
|p ric
|a Texas A&M University
|b Rellis Campus
|c Joint Library Facility
|d Remote Storage
|t 0
|e SB608.L4 E28 1986
|h Library of Congress classification
|i unmediated -- volume
|k v.2
|m A14811493124
|
| 952 |
f |
f |
|p ric
|a Texas A&M University
|b Rellis Campus
|c Joint Library Facility
|d Remote Storage
|t 0
|e SB608.L4 E28 1986
|h Library of Congress classification
|i unmediated -- volume
|k v.1
|m A14811493116
|
| 998 |
f |
f |
|a SB608.L4 E28 1986
|s v.1-v.3
|t 0
|l Remote Storage
|